Crítica a la asignación de la categoría de amenaza de Gastrotheca ruizi (Amhpibia: Anura: Hylidae) (Registro nro. 16197)

Detalles MARC
000 -CABECERA
Campo de control 004200000a22001090004500
090 ## - CLASIFICACIÓN LOCAL
Colección AS
Consecutivo Seriadas
041 0# - IDIOMA
Código de idioma para texto/pista de sonido o título separado
100 1# - ASIENTO PRINCIPAL--NOMBRE PERSONAL
Nombre personal Mueses Cisneros, Jonh Jairo
245 10 - MENCION DE TITULO
Título Crítica a la asignación de la categoría de amenaza de Gastrotheca ruizi (Amhpibia: Anura: Hylidae)
773 1# - Item fuente:
Título Revista de la Academia Colombiana de Ciencias Exactas, Físicas y Naturales
Descripción física 111
Paginas del Articulo 303-308
Lugar, editorial y fecha de publicación 2005
Información sobre la relación 29
942 ## - ELEMENTOS ADICIONALES (KOHA)
Tipo de ítem Artículo

No hay ítems disponibles.